000 00583nam a2200205Ia 4500
003 IN-BaIIA
008 211028s9999 xx 000 0 eng d
020 _a978-1-4214-0096-9
040 _cIIA Library
080 _a523.07
_bPLA
100 _aPlaxco, K. W
_935900
245 0 _aAstrobiology
_ba brief introduction
_cK. W. Plaxco and Michael Gross
250 _a2nd ed.
260 _aBaltimore
_bThe Johns Hopkins University Press
_c2011
300 _axi, 330p.
650 _aExobiology
_920584
650 _aLife-origine
_935901
700 _aGross, Michael
_935902
942 _cBK
999 _c18762
_d18762